Odhalená plzeňská tajemství /

Main Author: Růžička, David, 1969-
Language: Czech
Published: Plzeň : Nava, 2019
Edition: Vydání první
Subjects:
Physical Description: 106 stran : ilustrace (převážně barevné), portréty, faksimile ; 26 cm
Book
Saved in:
LEADER 01667nam a2200469 i 4500
001 nkc20193162062
003 CZ PrNK
005 20200116133945.0
007 ta
008 191128s2019 xr ach e f 000 0 cze
015 |a cnb003162062 
020 |a 978-80-7211-570-9  |q (vázáno) 
035 |a (OCoLC)1140081679 
040 |a BOA001  |b cze  |e rda 
043 |a e-xr---  |b e-xr-pl  |2 czenas 
072 7 |a 908(437)  |x Vlastivěda Česka a Slovenska  |2 Konspekt  |9 8 
080 |a 93/94-027.541  |2 MRF 
080 |a 94(437.317)  |2 MRF 
080 |a 908(437.317)  |2 MRF 
080 |a (437.317)  |2 MRF 
080 |a (0.062)  |2 MRF 
100 1 |a Růžička, David,  |d 1969-  |7 pna2005292387  |4 aut 
245 1 0 |a Odhalená plzeňská tajemství /  |c David Růžička 
250 |a Vydání první 
264 1 |a Plzeň :  |b Nava,  |c 2019 
300 |a 106 stran :  |b ilustrace (převážně barevné), portréty, faksimile ;  |c 26 cm 
336 |a text  |b txt  |2 rdacontent 
337 |a bez média  |b n  |2 rdamedia 
338 |a svazek  |b nc  |2 rdacarrier 
650 0 7 |a regionální dějiny  |7 ph440130  |z Česko  |2 czenas 
650 0 9 |a regional history  |z Czechia  |2 eczenas 
651 7 |a Plzeň (Česko)  |7 ge130439  |x dějiny  |2 czenas 
651 7 |a Plzeň (Česko)  |7 ge130439  |x vlastivěda  |2 czenas 
651 9 |a Plzeň (Czechia)  |x history  |2 eczenas 
651 9 |a Plzeň (Czechia)  |x history and geography  |2 eczenas 
655 7 |a populárně-naučné publikace  |7 fd131864  |2 czenas 
655 9 |a popular works  |2 eczenas 
910 2 |a BOA001  |b 3-1438.709 
990 |a BK 
995 |a 01 
991 |b 201912  |c NOV 
996 6 |b 2610808677  |c 3-1438.709  |l MZK  |r Sklad / do 1 hodiny  |n 0  |p p.v.  |w 001771517  |u 000010  |a 1  |e BOA001  |j MZK50  |s P